| 000 | 01703nam a22001937a 4500 | ||
|---|---|---|---|
| 003 | OSt | ||
| 005 | 20260225180254.0 | ||
| 008 | 251017b |||||||| |||| 00| 0 eng d | ||
| 020 | _a9786200341662 | ||
| 100 | _aJatun Yachay Sovilex | ||
| 245 | _aEscenas del crimen: Criminología y criminalística | ||
| 260 |
_bEditorial Académica Española _c2020 |
||
| 300 |
_c 5.91 x 0.22 x 8.66 pulgadas _a96 |
||
| 520 | _aEs el libro esencial para quien se inicie en el campo de las ciencias forenses. Abarca los temas principales para comprender todo acerca de la criminalística y criminología, que aporta una información valiosa en caso de fenecimientos violentos, así como el esclarecimiento de los hechos, con base al tratamiento científico de la evidencia. Se presenta mediante fotos ilustrativas diferentes escenarios, así como, técnicas para la rotulación adecuada, porque el desafío de responder legalmente por las causas y circunstancias del deceso, tiene que ver con el lugar, clima, tiempo y otras variables del ambiente y de las víctimas.En este sentido, el manuscrito y sus imágenes refleja el avance de la criminalística a lo largo de su historia, que se ha ido edificando sobre las bases sólidas de las ciencias forenses, siendo la ciencia encargada de la investigación en el lugar de los hechos. En una muerte violenta, la valoración de la escena del crimen representa un gran teatro en el cada indicio es un actor importante para armar la obra y su importancia radica en conjugar todos los elementos involucrados. | ||
| 650 | _aCriminologia y criminalistica | ||
| 650 | _aHistoria de la criminalistica | ||
| 650 | _aDel cuerpo y fenómenos biológicos | ||
| 942 |
_2ddc _cBK _n0 |
||
| 999 |
_c2008 _d2008 |
||